| 000 | 00703nam a22002057a 4500 | ||
|---|---|---|---|
| 005 | 20251108165022.0 | ||
| 008 | 250721s9999 xx 000 0 ara d | ||
| 082 | 1 | 4 | _a540.076/بتل |
| 100 | 1 | _aبتلر، جيمس ن. | |
| 245 | 1 | 0 | _aمسائل في مبادئ الكيمياء الجامعية مع حلولها الكاملة / |
| 264 | 1 |
_aالبصرة : _bمطبعة جامعة البصرة، _c[19-]. |
|
| 300 | _a470ص | ||
| 650 | 1 | 7 | _aالكيمياء |
| 700 | 1 | _aدنيل، باسيل أ. | |
| 700 | 1 | _aهاريسون، ليونيل ج. | |
| 700 | 1 |
_aحنا، آدمون ميخائيل _eترجمة |
|
| 700 | 1 | _aالزكوم، مهدي ناجي | |
| 942 |
_2ddc _cBK |
||
| 999 |
_c20035 _d20035 |
||